[Event "Latin Cup"]
[Site "Montevideo"]
[Date "2011.11.04"]
[Round "6"]
[White "Delgado Ramirez, Neuris"]
[Black "Bruzon Batista, Lazaro"]
[Result "1/2-1/2"]
[WhiteElo "2570"]
[BlackElo "2689"]
[PlyCount "23"]
[EventDate "2011.11.01"]
[EventType "swiss"]
[EventRounds "9"]
[EventCountry "URU"]
[SourceTitle "EXT 2012"]
[Source "ChessBase"]
[SourceDate "2011.11.24"]
[SourceVersion "1"]
[SourceVersionDate "2011.11.24"]
[SourceQuality "1"]

1. e4 c5 2. Nf3 e6 3. Nc3 a6 4. g3 b5 5. Bg2 Bb7 6. d3 d6 7. O-O Be7 8. e5 dxe5
9. Nxe5 Bxg2 10. Kxg2 Nf6 11. Qf3 Ra7 12. a4 1/2-1/2

[Event "Latin Cup"]
[Site "Montevideo"]
[Date "2011.11.05"]
[Round "7"]
[White "Delgado Ramirez, Neuris"]
[Black "Cori Tello, Jorge Moise"]
[Result "0-1"]
[WhiteElo "2570"]
[BlackElo "2496"]
[PlyCount "164"]
[EventDate "2011.11.01"]
[EventType "swiss"]
[EventRounds "9"]
[EventCountry "URU"]
[SourceTitle "EXT 2012"]
[Source "ChessBase"]
[SourceDate "2011.11.24"]
[SourceVersion "1"]
[SourceVersionDate "2011.11.24"]
[SourceQuality "1"]
[BlackTeam "Peru"]
[BlackTeamCountry "PER"]

1. e4 e6 2. Qe2 d5 3. exd5 Qxd5 4. Nc3 Qd8 5. g3 c5 6. Bg2 Ne7 7. Nf3 Nbc6 8.
O-O Nf5 9. Ne4 Be7 10. c3 h5 11. d3 b6 12. Ned2 Ba6 13. Nc4 Rc8 14. Bd2 Bf6 15.
Rad1 O-O 16. Rfe1 Re8 17. Bf4 g6 18. h4 Qe7 19. Bg5 Rcd8 20. Qe4 Bxg5 21. Nxg5
Bb7 22. Qf4 Qc7 23. Qc1 b5 24. Ne3 Nce7 25. Nxf5 Nxf5 26. Bxb7 Qxb7 27. Ne4 Qe7
28. Qc2 Kg7 29. a4 a6 30. axb5 axb5 31. Ng5 Rd5 32. Nh3 Qf6 33. Re4 e5 34. Qb3
Qc6 35. Ng5 f6 36. Nf3 Red8 37. c4 bxc4 38. Rxc4 R5d7 39. Ne1 Nd4 40. Qa3 Rc7
41. Ra1 Qb6 42. b4 cxb4 43. Rxc7+ Qxc7 44. Qxb4 Rb8 45. Qa3 Qb7 46. Qd6 Rf8 47.
Kh2 Rf7 48. Qa6 Qb2 49. Qa2 Qc3 50. Rb1 Qc7 51. Qa1 Qa7 52. Qxa7 Rxa7 53. Kg2
Rd7 54. Rb6 Kf7 55. Ra6 Ke7 56. Rb6 Rd6 57. Rb7+ Ke6 58. Rg7 Kf5 59. Kh3 Ne6
60. Rg8 Nc5 61. Ng2 Nxd3 62. f3 Nf2+ 63. Kh2 Rd3 64. Kg1 Rxf3 65. Ne1 Nh3+ 66.
Kh2 Rf1 67. Ng2 Ke4 68. Ra8 Nf2 69. Ra4+ Kd3 70. Ra3+ Kd4 71. Ra4+ Kc5 72. Ne3
Re1 73. Kg2 Rxe3 74. Kxf2 Rb3 75. Ra8 f5 76. Rc8+ Kd5 77. Rd8+ Ke6 78. Ra8 Rb6
79. Ke3 Rb4 80. Ra6+ Kf7 81. Ra5 Rg4 82. Kf2 f4 0-1

[Event "Latin Cup"]
[Site "Montevideo"]
[Date "2011.11.07"]
[Round "8"]
[White "Larrea, Manuel"]
[Black "Delgado Ramirez, Neuris"]
[Result "0-1"]
[WhiteElo "2327"]
[BlackElo "2570"]
[PlyCount "86"]
[EventDate "2011.11.01"]
[EventType "swiss"]
[EventRounds "9"]
[EventCountry "URU"]
[SourceTitle "EXT 2012"]
[Source "ChessBase"]
[SourceDate "2011.11.24"]
[SourceVersion "1"]
[SourceVersionDate "2011.11.24"]
[SourceQuality "1"]

1. e4 c5 2. c3 Qa5 3. g3 Nc6 4. Bg2 Nf6 5. Ne2 e6 6. O-O c4 7. b3 cxb3 8. Qxb3
Qa6 9. Re1 d6 10. Na3 Bd7 11. Qb5 Qxb5 12. Nxb5 O-O-O 13. Ba3 Be8 14. Rab1 a6
15. Nbd4 Ne5 16. Red1 Ba4 17. Rf1 Nfd7 18. f4 Nc4 19. Bc1 Nc5 20. Rf3 Na5 21.
e5 Rd7 22. d3 Rc7 23. Bd2 Nc6 24. Re3 Be7 25. Nxc6 Bxc6 26. Bxc6 Rxc6 27. Nd4
Rc7 28. Rf3 Rd8 29. Re1 g6 30. Kf1 Bf8 31. Nb3 Na4 32. c4 d5 33. cxd5 Rxd5 34.
Rc1 Rxc1+ 35. Nxc1 Rc5 36. g4 Rc2 37. Ke1 Kd7 38. Rh3 h6 39. Kd1 Rb2 40. d4 Kc6
41. Rb3 Kd5 42. Nd3 Rxb3 43. axb3 Kxd4 0-1

[Event "Latin Cup"]
[Site "Montevideo"]
[Date "2011.11.06"]
[Round "9"]
[White "Delgado Ramirez, Neuris"]
[Black "Cori Tello, Deysi Estella"]
[Result "1-0"]
[WhiteElo "2570"]
[BlackElo "2414"]
[PlyCount "91"]
[EventDate "2011.11.01"]
[EventType "swiss"]
[EventRounds "9"]
[EventCountry "URU"]
[SourceTitle "EXT 2012"]
[Source "ChessBase"]
[SourceDate "2011.11.24"]
[SourceVersion "1"]
[SourceVersionDate "2011.11.24"]
[SourceQuality "1"]

1. Nf3 f5 2. d4 Nf6 3. Bf4 g6 4. Qd2 Bg7 5. Bh6 O-O 6. Bxg7 Kxg7 7. c4 d6 8.
Nc3 c6 9. e3 Qe8 10. d5 h6 11. Be2 Na6 12. O-O g5 13. Rab1 c5 14. a3 Qg6 15. b4
Bd7 16. Bd3 Qh5 17. Ne2 Qf7 18. Ng3 Nh5 19. Qc3+ Kg8 20. Nxh5 Qxh5 21. Rbe1
Rae8 22. Nd2 e5 23. dxe6 Rxe6 24. f4 Re7 25. Rf2 Nc7 26. bxc5 dxc5 27. Nf3 Ne8
28. Ne5 Nf6 29. Be2 g4 30. Qc2 Qe8 31. Bd3 g3 32. hxg3 Rxe5 33. fxe5 Ng4 34.
Rf4 Qh5 35. Rxg4+ fxg4 36. Be4 Qxe5 37. Bxb7 Bf5 38. Qd2 Kg7 39. Bd5 Qxg3 40.
Rf1 Qh4 41. Qb2+ Qf6 42. Qb7+ Kh8 43. Be4 Qc3 44. Bxf5 Qxe3+ 45. Kh1 Rxf5 46.
Qc8+ 1-0

[Event "Buenos Aires Duchamp Memorial 3rd"]
[Site "Buenos Aires"]
[Date "2011.12.14"]
[Round "1"]
[White "Delgado Ramirez, Neuris"]
[Black "Meier, Georg"]
[Result "1/2-1/2"]
[WhiteElo "2570"]
[BlackElo "2659"]
[PlyCount "66"]
[EventDate "2011.12.14"]
[EventType "tourn"]
[EventRounds "10"]
[EventCountry "ARG"]
[EventCategory "13"]
[SourceTitle "CBM 147"]
[Source "ChessBase"]
[SourceDate "2012.03.16"]
[SourceVersion "1"]
[SourceVersionDate "2012.03.16"]
[SourceQuality "1"]

1. d4 Nf6 2. c4 g6 3. g3 Bg7 4. Bg2 O-O 5. Nc3 d6 6. Nf3 Nc6 7. O-O a6 8. Ne1
Rb8 9. e3 e5 10. d5 Na5 11. Qe2 c5 12. dxc6 bxc6 13. b3 Bg4 14. Qd2 Qd7 15. Ba3
Nb7 16. f3 Be6 17. e4 Rfd8 18. Nd3 d5 19. Nxe5 Qc7 20. f4 Nxe4 21. Qe3 Nxc3 22.
Qxc3 dxc4 23. bxc4 Nd6 24. Bxd6 Qxd6 25. c5 Bxe5 26. fxe5 Qd2 27. Qxd2 Rxd2 28.
Rfd1 Rbb2 29. Rxd2 Rxd2 30. Bxc6 Rc2 31. Bb7 Rxc5 32. Bxa6 Ra5 33. Bf1 Rxa2
1/2-1/2

[Event "Buenos Aires Duchamp Memorial 3rd"]
[Site "Buenos Aires"]
[Date "2011.12.15"]
[Round "2"]
[White "Mareco, Sandro"]
[Black "Delgado Ramirez, Neuris"]
[Result "1/2-1/2"]
[WhiteElo "2583"]
[BlackElo "2570"]
[Annotator "Let's Check"]
[PlyCount "73"]
[EventDate "2011.12.14"]
[EventType "tourn"]
[EventRounds "10"]
[EventCountry "ARG"]
[EventCategory "13"]
[SourceTitle "CBM 147"]
[Source "ChessBase"]
[SourceDate "2012.03.16"]
[SourceVersion "1"]
[SourceVersionDate "2012.03.16"]
[SourceQuality "1"]

1. d4 Nf6 2. c4 g6 3. g3 Bg7 4. Bg2 O-O 5. Nc3 d6 6. Nf3 Nc6 7. O-O a6 8. b3
Bd7 9. Bb2 Rb8 10. Qd2 b5 11. cxb5 axb5 12. d5 Na7 13. Nd4 Rb6 14. Rac1 Qc8 15.
Rfd1 Qa6 16. a4 bxa4 17. Nxa4 Rbb8 18. Rxc7 Nb5 19. Nxb5 Rxb5 20. Qe3 $1 Rb7
21. Rxb7 Qxb7 22. Qxe7 Re8 23. Qxd6 Qxb3 24. Ra1 Bxa4 25. Bxf6 Bf8 $2 (25...
Rxe2 26. h4 Bxf6 $16) 26. Qa6 Bb5 27. Qb6 Rxe2 $2 (27... Qc4 28. Bd4 Bg7) 28.
Bd4 $2 (28. h3 Re8 29. Bd4 $18) 28... Ra2 $16 29. h4 $6 (29. Rc1 Qa3 30. Qc7
$18) 29... Rxa1+ $14 30. Bxa1 Qd1+ 31. Kh2 Qxa1 32. Qxb5 Qd4 33. Qe2 Bc5 34. f4
h5 35. Qe8+ Kg7 36. Qc6 Bb4 37. Qc2 1/2-1/2

[Event "Buenos Aires Duchamp Memorial 3rd"]
[Site "Buenos Aires"]
[Date "2011.12.16"]
[Round "3"]
[White "Delgado Ramirez, Neuris"]
[Black "Rodriguez Vila, Andres"]
[Result "1/2-1/2"]
[WhiteElo "2570"]
[BlackElo "2481"]
[PlyCount "91"]
[EventDate "2011.12.14"]
[EventType "tourn"]
[EventRounds "10"]
[EventCountry "ARG"]
[EventCategory "13"]
[SourceTitle "CBM 147"]
[Source "ChessBase"]
[SourceDate "2012.03.16"]
[SourceVersion "1"]
[SourceVersionDate "2012.03.16"]
[SourceQuality "1"]

1. d4 Nf6 2. c4 g6 3. g3 Bg7 4. Bg2 O-O 5. Nc3 d6 6. Nf3 Nc6 7. O-O a6 8. e3
Bd7 9. Qe2 Qc8 10. a3 Bh3 11. Nd2 Bxg2 12. Kxg2 Rb8 13. b4 b5 14. Bb2 Qb7 15.
Qf3 e5 16. d5 Ne7 17. Rad1 Nd7 18. Nb3 f5 19. Na5 Qa8 20. e4 Nf6 21. Qe2 fxe4
22. Nxe4 bxc4 23. Nxf6+ Bxf6 24. Qxc4 Rb5 25. Qxc7 Rxd5 26. Qb7 Rxd1 27. Rxd1
d5 28. Re1 d4 29. Qxa8 Rxa8 30. Kf3 Rc8 31. Rc1 Rxc1 32. Bxc1 Nd5 33. Nb7 Nc3
34. Nc5 Kf7 35. Bb2 Be7 36. Ne4 Na4 37. Bc1 Ke6 38. Ke2 Kd5 39. Kd3 Nb6 40. f3
Nc4 41. h4 h5 42. Nd2 Nd6 43. Ne4 Nc4 44. Nd2 Nb6 45. Ne4 Nc4 46. Nd2 1/2-1/2

[Event "Buenos Aires Duchamp Memorial 3rd"]
[Site "Buenos Aires"]
[Date "2011.12.17"]
[Round "4"]
[White "Flores, Diego"]
[Black "Delgado Ramirez, Neuris"]
[Result "0-1"]
[WhiteElo "2602"]
[BlackElo "2570"]
[Annotator "Let's Check"]
[PlyCount "98"]
[EventDate "2011.12.14"]
[EventType "tourn"]
[EventRounds "10"]
[EventCountry "ARG"]
[EventCategory "13"]
[SourceTitle "CBM 147"]
[Source "ChessBase"]
[SourceDate "2012.03.16"]
[SourceVersion "1"]
[SourceVersionDate "2012.03.16"]
[SourceQuality "1"]

1. d4 Nf6 2. c4 g6 3. g3 Bg7 4. Bg2 O-O 5. Nc3 d6 6. Nf3 Nc6 7. O-O a6 8. h3
Na5 9. b3 Rb8 10. Bd2 b6 11. e4 Nd7 12. Bg5 h6 13. Be3 c5 14. Qd2 Kh7 15. Rad1
Nc6 16. d5 Na5 17. Qc2 b5 18. Nd2 bxc4 19. bxc4 Ne5 20. Rb1 Rb4 21. Rxb4 cxb4
22. Na4 Nb7 23. Qb3 a5 24. a3 bxa3 25. Qxa3 Qc7 26. Rc1 Bd7 27. Nb2 g5 28. f4
gxf4 29. gxf4 Ng6 30. Nd3 Nh4 31. Bf1 f5 32. e5 dxe5 33. fxe5 e6 34. Rb1 Rg8
35. Kh1 Bc8 $6 (35... a4 36. Rb6 Ng6 $14) 36. Bf4 $2 (36. Rb6 Bxe5 37. Rc6 $18)
36... Bf8 $17 37. Qc1 Nc5 38. Qe1 Qg7 39. Qf2 $1 (39. Qxh4 $2) 39... Nxd3 40.
Bxd3 Bc5 41. Qe2 a4 42. Nf3 Nxf3 43. Qxf3 a3 44. Bh2 Bb7 45. Bf1 Kh8 46. Bg2
Bd4 47. Rxb7 $2 (47. Qe2 Qxg2+ $1 48. Qxg2) 47... Qxb7 $19 48. Qe2 Qb1+ 49. Bf1
Qe4+ 0-1

[Event "Buenos Aires Duchamp Memorial 3rd"]
[Site "Buenos Aires"]
[Date "2011.12.18"]
[Round "5"]
[White "Delgado Ramirez, Neuris"]
[Black "Lemos, Damian"]
[Result "1/2-1/2"]
[WhiteElo "2570"]
[BlackElo "2542"]
[PlyCount "69"]
[EventDate "2011.12.14"]
[EventType "tourn"]
[EventRounds "10"]
[EventCountry "ARG"]
[EventCategory "13"]
[SourceTitle "CBM 147"]
[Source "ChessBase"]
[SourceDate "2012.03.16"]
[SourceVersion "1"]
[SourceVersionDate "2012.03.16"]
[SourceQuality "1"]

1. d4 Nf6 2. c4 g6 3. g3 Bg7 4. Bg2 O-O 5. Nc3 d6 6. Nf3 Nc6 7. O-O a6 8. Ne1
Bd7 9. Nc2 Rb8 10. Nd5 e6 11. Nxf6+ Qxf6 12. e3 b5 13. cxb5 axb5 14. Bd2 Rfc8
15. Rc1 Rb6 16. a3 Qd8 17. Nb4 Ne7 18. Nd3 Bc6 19. Bxc6 Nxc6 20. Rc2 Qe8 21.
Qf3 e5 22. dxe5 Nxe5 23. Nxe5 dxe5 24. e4 c5 25. Be3 Rbc6 26. Rd1 b4 27. axb4
cxb4 28. Rcd2 Bf8 29. Bg5 Be7 30. Bxe7 Qxe7 31. Rd7 Qe6 32. Kg2 Kg7 33. Rb7 Rb6
34. Ra7 Ra6 35. Rb7 1/2-1/2

[Event "Buenos Aires Duchamp Memorial 3rd"]
[Site "Buenos Aires"]
[Date "2011.12.19"]
[Round "6"]
[White "Meier, Georg"]
[Black "Delgado Ramirez, Neuris"]
[Result "1-0"]
[WhiteElo "2659"]
[BlackElo "2570"]
[PlyCount "95"]
[EventDate "2011.12.14"]
[EventType "tourn"]
[EventRounds "10"]
[EventCountry "ARG"]
[EventCategory "13"]
[SourceTitle "CBM 147"]
[Source "ChessBase"]
[SourceDate "2012.03.16"]
[SourceVersion "1"]
[SourceVersionDate "2012.03.16"]
[SourceQuality "1"]

1. d4 Nf6 2. c4 g6 3. g3 Bg7 4. Bg2 O-O 5. Nc3 d6 6. Nf3 Nc6 7. O-O a6 8. b3
Rb8 9. Nd5 Nd7 10. Bg5 h6 11. Be3 e6 12. Nc3 Ne7 13. Bd2 Nf5 14. e3 b5 15. Rc1
Bb7 16. e4 Ne7 17. d5 exd5 18. cxd5 c5 19. dxc6 Nxc6 20. Be3 Nc5 21. e5 Nb4 22.
Ne1 Bxg2 23. Kxg2 Ne6 24. exd6 Rc8 25. Qd2 Rxc3 26. Rxc3 Bxc3 27. Qxc3 Nd5 28.
Qe5 Nxe3+ 29. fxe3 Qa5 30. Qd5 Qxa2+ 31. Rf2 Qb1 32. Nd3 Qd1 33. e4 Qg4 34. b4
Ng5 35. Nf4 Re8 36. h3 Qd7 37. e5 Kg7 38. h4 Ne6 39. Nd3 Nd8 40. Nc5 Qg4 41. d7
Rg8 42. e6 fxe6 43. Qe5+ Kh7 44. Ne4 Qd1 45. Nf6+ Kh8 46. Nxg8+ Kxg8 47. Qf6
Qd5+ 48. Kh2 1-0

[Event "Buenos Aires Duchamp Memorial 3rd"]
[Site "Buenos Aires"]
[Date "2011.12.20"]
[Round "7"]
[White "Delgado Ramirez, Neuris"]
[Black "Mareco, Sandro"]
[Result "0-1"]
[WhiteElo "2570"]
[BlackElo "2583"]
[Annotator "Let's Check"]
[PlyCount "112"]
[EventDate "2011.12.14"]
[EventType "tourn"]
[EventRounds "10"]
[EventCountry "ARG"]
[EventCategory "13"]
[SourceTitle "CBM 147"]
[Source "ChessBase"]
[SourceDate "2012.03.16"]
[SourceVersion "1"]
[SourceVersionDate "2012.03.16"]
[SourceQuality "1"]

1. d4 Nf6 2. c4 g6 3. g3 Bg7 4. Bg2 O-O 5. Nc3 d6 6. Nf3 Nc6 7. O-O a6 8. Re1
Rb8 9. Rb1 Na5 10. Qd3 b5 11. cxb5 axb5 12. b4 Nc4 13. d5 e6 14. dxe6 Bxe6 15.
Nd4 Ng4 16. e3 Bd7 17. f4 Qe8 18. a4 c6 19. axb5 cxb5 20. Ra1 Nf6 21. Ra7 Qc8
22. Bf1 Re8 23. Ncxb5 Rxb5 24. Rxd7 Rxb4 25. Ra7 d5 26. Bd2 Rb6 27. Rea1 Ne4
28. Bc1 Nc5 29. Qd1 Nxe3 30. Bxe3 Rxe3 31. Ra8 Rb8 32. Rxb8 Qxb8 33. Rb1 Qe8
34. Nc2 Rc3 35. Qd2 Qc8 $2 (35... Bf6 36. Ne1 Qc6 $19) 36. Nb4 $15 Ne4 37. Qxd5
Nf6 38. Qb5 $2 (38. Qd6 Ng4 39. Nd3 $15) 38... Ng4 $19 39. Rd1 Bf8 40. Nd3 Rc2
41. Re1 Nxh2 $2 (41... Qc3 42. Qd5 Rxh2) 42. Bg2 $19 Qg4 $2 (42... Ng4 43. Bf3
Nf6 $19) 43. Kxh2 Qf3 44. Rg1 Qe2 45. Qd5 Rd2 46. Nc1 Qe3 47. Qb3 $2 (47. Qe5
Qf3 48. Kh3 $16) 47... Qf2 $15 48. Qb7 h5 49. Qc8 h4 50. Qh3 $2 (50. gxh4 f5
51. Qe6+ $15) 50... Bc5 $19 51. Rh1 Be3 52. Nd3 Rxd3 53. Qxh4 Rd2 54. Qh3 Kg7
55. Rb1 Rd8 56. f5 Rh8 0-1

[Event "Buenos Aires Duchamp Memorial 3rd"]
[Site "Buenos Aires"]
[Date "2011.12.21"]
[Round "8"]
[White "Rodriguez Vila, Andres"]
[Black "Delgado Ramirez, Neuris"]
[Result "1-0"]
[WhiteElo "2481"]
[BlackElo "2570"]
[PlyCount "67"]
[EventDate "2011.12.14"]
[EventType "tourn"]
[EventRounds "10"]
[EventCountry "ARG"]
[EventCategory "13"]
[SourceTitle "CBM 147"]
[Source "ChessBase"]
[SourceDate "2012.03.16"]
[SourceVersion "1"]
[SourceVersionDate "2012.03.16"]
[SourceQuality "1"]

1. d4 Nf6 2. c4 g6 3. g3 Bg7 4. Bg2 O-O 5. Nc3 d6 6. Nf3 Nc6 7. O-O a6 8. b3
Rb8 9. Nd5 Nd7 10. Bb2 e6 11. Ne3 b5 12. Rc1 Ne7 13. Qd2 Nb6 14. Rfd1 Bb7 15.
d5 e5 16. Ba3 Bh6 17. Qc2 bxc4 18. bxc4 Bc8 19. c5 Bxe3 20. fxe3 Nbxd5 21. Qd3
Nb4 22. Qd2 Nec6 23. Bxb4 Nxb4 24. cxd6 Qxd6 25. a3 a5 26. axb4 axb4 27. Qb2
Qb6 28. Nxe5 Qxe3+ 29. Kh1 Re8 30. Nxf7 Bb7 31. Qh8+ Kxf7 32. Qxh7+ Kf6 33.
Rf1+ Ke6 34. Qf7+ 1-0

[Event "Buenos Aires Duchamp Memorial 3rd"]
[Site "Buenos Aires"]
[Date "2011.12.22"]
[Round "9"]
[White "Delgado Ramirez, Neuris"]
[Black "Flores, Diego"]
[Result "1-0"]
[WhiteElo "2570"]
[BlackElo "2602"]
[PlyCount "105"]
[EventDate "2011.12.14"]
[EventType "tourn"]
[EventRounds "10"]
[EventCountry "ARG"]
[EventCategory "13"]
[SourceTitle "CBM 147"]
[Source "ChessBase"]
[SourceDate "2012.03.16"]
[SourceVersion "1"]
[SourceVersionDate "2012.03.16"]
[SourceQuality "1"]

1. d4 Nf6 2. c4 g6 3. g3 Bg7 4. Bg2 O-O 5. Nc3 d6 6. Nf3 Nc6 7. O-O a6 8. e3
Rb8 9. Qe2 Bd7 10. Bd2 e5 11. d5 e4 12. dxc6 exf3 13. Bxf3 Bxc6 14. Bxc6 bxc6
15. b3 Re8 16. Rac1 Qc8 17. Qf3 Qd7 18. Rfd1 Ng4 19. Qe2 h5 20. Kg2 Re7 21. h3
Nf6 22. Rc2 Rbe8 23. Bc1 Nh7 24. Bb2 Ng5 25. Rh1 d5 26. Qd3 d4 27. exd4 Bxd4
28. Nd5 cxd5 29. Qxd4 Re5 30. Re2 c5 31. Qxe5 Rxe5 32. Rxe5 f6 33. Rxd5 Qe6 34.
Rxg5 Qe4+ 35. Kh2 fxg5 36. Bc1 Qe2 37. Be3 Kf7 38. Bxc5 h4 39. Be3 g4 40. gxh4
gxh3 41. Kxh3 Qxa2 42. c5 Qxb3 43. Rc1 Qe6+ 44. Kg3 Qc6 45. Rb1 a5 46. Rb6 Qd5
47. c6 Qe5+ 48. Bf4 Qc3+ 49. Kg2 Qc4 50. c7 Qxf4 51. c8=Q Qe4+ 52. Kg3 Qe5+ 53.
Kh3 1-0

[Event "Buenos Aires Duchamp Memorial 3rd"]
[Site "Buenos Aires"]
[Date "2011.12.23"]
[Round "10"]
[White "Lemos, Damian"]
[Black "Delgado Ramirez, Neuris"]
[Result "1/2-1/2"]
[WhiteElo "2542"]
[BlackElo "2570"]
[Annotator "Let's Check"]
[PlyCount "60"]
[EventDate "2011.12.14"]
[EventType "tourn"]
[EventRounds "10"]
[EventCountry "ARG"]
[EventCategory "13"]
[SourceTitle "CBM 147"]
[Source "ChessBase"]
[SourceDate "2012.03.16"]
[SourceVersion "1"]
[SourceVersionDate "2012.03.16"]
[SourceQuality "1"]

1. d4 Nf6 2. c4 g6 3. g3 Bg7 4. Bg2 O-O 5. Nc3 d6 6. Nf3 Nc6 7. O-O a6 8. Qd3
Bf5 9. e4 Bg4 10. Be3 Nd7 11. Ne1 f5 12. f3 fxe4 13. Nxe4 Bf5 14. Nc2 Nf6 15.
Qd2 d5 16. cxd5 Qxd5 17. Bf2 Rad8 18. Qe2 Qb5 19. Qxb5 axb5 20. h3 Nd5 21. Rfd1
b4 22. Re1 e6 23. Nc5 $2 (23. Rad1 Ra8 24. a3 $11) 23... b6 $2 (23... Bxc2 24.
Nxe6 Rfe8 $1 $19) 24. Ne4 $15 Rd7 25. g4 Bxe4 26. fxe4 Nf4 27. Bf1 Rfd8 $2 (
27... Nxd4 28. Nxd4 Bxd4 $19) 28. Bh4 $6 (28. e5 h6 29. a3 $11) 28... Rf8 29.
Bf2 Rdf7 $2 (29... Nxd4 30. Nxd4 Bxd4 $19) 30. Be3 $11 Bh6 1/2-1/2

[Event "Asuncion"]
[Site "Asuncion"]
[Date "2012.01.09"]
[Round "1"]
[White "Delgado Ramirez, Neuris"]
[Black "Kropff, Ricardo"]
[Result "1-0"]
[WhiteElo "2575"]
[BlackElo "2236"]
[PlyCount "81"]
[EventDate "2012.01.09"]
[EventType "tourn"]
[EventRounds "9"]
[EventCountry "PAR"]
[EventCategory "5"]
[SourceTitle "CBM 146 Extra"]
[Source "ChessBase"]
[SourceDate "2012.02.29"]
[SourceVersion "1"]
[SourceVersionDate "2012.02.29"]
[SourceQuality "1"]

1. e4 c6 2. c4 d5 3. cxd5 cxd5 4. exd5 Nf6 5. Bb5+ Nbd7 6. Nc3 g6 7. d3 Bg7 8.
Nge2 O-O 9. Bc4 Nb6 10. Qb3 Bg4 11. f3 Bf5 12. Be3 Rc8 13. Rd1 Ne8 14. Nb5 Nd6
15. Nxd6 Qxd6 16. O-O Bd7 17. Bxb6 axb6 18. d4 Rc7 19. Nc3 Qf4 20. Kh1 Rfc8 21.
Bb5 Bf5 22. Bd3 Bd7 23. Rfe1 Qh4 24. d6 exd6 25. Nd5 Bxd4 26. Re4 Qf2 27. Re2
Qh4 28. Nxc7 Rxc7 29. Re4 Qf6 30. Bc4 Bc5 31. a3 Bf5 32. Re2 Bd4 33. Bd5 Kg7
34. Qb4 Bc5 35. Qd2 b5 36. g4 Bd7 37. g5 Qd8 38. Rde1 Bb6 39. Qf4 Bf5 40. Re8
Qd7 41. Qh4 1-0

[Event "Asuncion"]
[Site "Asuncion"]
[Date "2012.01.10"]
[Round "2"]
[White "Latorre, Manuel"]
[Black "Delgado Ramirez, Neuris"]
[Result "0-1"]
[WhiteElo "2299"]
[BlackElo "2575"]
[PlyCount "92"]
[EventDate "2012.01.09"]
[EventType "tourn"]
[EventRounds "9"]
[EventCountry "PAR"]
[EventCategory "5"]
[SourceTitle "CBM 146 Extra"]
[Source "ChessBase"]
[SourceDate "2012.02.29"]
[SourceVersion "1"]
[SourceVersionDate "2012.02.29"]
[SourceQuality "1"]

1. d4 Nf6 2. c4 c5 3. d5 e6 4. Nc3 exd5 5. cxd5 Bd6 6. Bg5 O-O 7. Nf3 Re8 8. e3
Bf8 9. Bd3 d6 10. h3 Nbd7 11. O-O a6 12. a4 g6 13. Nd2 h6 14. Bh4 Rb8 15. a5
Ne5 16. Be2 g5 17. Bg3 Nfd7 18. Qc2 b5 19. axb6 Qxb6 20. Ra2 Bg7 21. f4 gxf4
22. exf4 Nd3 23. Bxd3 c4+ 24. Bf2 cxd3 25. Qxd3 Nc5 26. Qf3 Bf5 27. Nc4 Qc7 28.
Ne3 Bd3 29. Rd1 f5 30. Kh2 Kh7 31. Qh5 Qd7 32. Qf3 Rb4 33. g3 Rb3 34. Rc1 Qb7
35. Ned1 Be2 36. Qg2 Nd3 37. Rca1 Nxb2 38. Nxe2 Rxe2 39. Qf1 Rd2 40. Rb1 Qxd5
41. Qe1 Rxd1 42. Rxd1 Nxd1 43. Rd2 Rd3 44. Rxd3 Qxd3 45. Bg1 Qc2+ 46. Kh1 Qe4+
0-1

[Event "Asuncion"]
[Site "Asuncion"]
[Date "2012.01.11"]
[Round "3"]
[White "Delgado Ramirez, Neuris"]
[Black "Brito, Luismar Jorge"]
[Result "1-0"]
[WhiteElo "2575"]
[BlackElo "2270"]
[PlyCount "99"]
[EventDate "2012.01.09"]
[EventType "tourn"]
[EventRounds "9"]
[EventCountry "PAR"]
[EventCategory "5"]
[SourceTitle "CBM 146 Extra"]
[Source "ChessBase"]
[SourceDate "2012.02.29"]
[SourceVersion "1"]
[SourceVersionDate "2012.02.29"]
[SourceQuality "1"]

1. e4 c5 2. Nf3 d6 3. Bb5+ Nd7 4. c3 a6 5. Ba4 e6 6. O-O Be7 7. d4 b5 8. Bc2
Qc7 9. Re1 Bb7 10. Nbd2 Ngf6 11. Nf1 Rc8 12. Bd3 h6 13. Ng3 O-O 14. Qe2 Rfe8
15. Bd2 Bf8 16. h3 e5 17. d5 g6 18. Nh2 c4 19. Bc2 h5 20. Bg5 Nh7 21. Be3 Bg7
22. Nf3 Bf6 23. Qd2 Bg7 24. Ne2 Nhf6 25. Ng5 Nh7 26. Nxh7 Kxh7 27. g4 hxg4 28.
hxg4 Rh8 29. f3 Kg8 30. Kg2 Kf8 31. Ng3 Ke7 32. Bg5+ Bf6 33. Rh1 Qb8 34. Bh6
Rhg8 35. a4 Qc7 36. Rh3 Qa5 37. Rhh1 Qc7 38. axb5 axb5 39. Rh3 Ra8 40. Rah1 Ra2
41. Bb1 Raa8 42. Bg5 Qd8 43. Rh6 Kf8 44. Bxf6 Nxf6 45. Rh8 Ke7 46. Rxg8 Nxg8
47. f4 Kd7 48. fxe5 dxe5 49. Qf2 Qe8 50. Rh7 1-0

[Event "Asuncion"]
[Site "Asuncion"]
[Date "2012.01.12"]
[Round "4"]
[White "Delgado Ramirez, Neuris"]
[Black "Villalba, Marcelo"]
[Result "1/2-1/2"]
[WhiteElo "2575"]
[BlackElo "2199"]
[PlyCount "110"]
[EventDate "2012.01.09"]
[EventType "tourn"]
[EventRounds "9"]
[EventCountry "PAR"]
[EventCategory "5"]
[SourceTitle "CBM 146 Extra"]
[Source "ChessBase"]
[SourceDate "2012.02.29"]
[SourceVersion "1"]
[SourceVersionDate "2012.02.29"]
[SourceQuality "1"]

1. e4 e5 2. Nf3 Nc6 3. Bb5 f5 4. Nc3 fxe4 5. Nxe4 Be7 6. Bxc6 dxc6 7. d3 Nf6 8.
Qe2 Bg4 9. h3 Bxf3 10. Qxf3 Nxe4 11. Qxe4 Qd5 12. Be3 O-O-O 13. O-O Qxe4 14.
dxe4 Bb4 15. c3 Ba5 16. Rad1 Bb6 17. Bg5 Rxd1 18. Rxd1 Rf8 19. Rd2 h6 20. Bh4
Bc5 21. Bg3 Bd6 22. f3 Re8 23. c4 b6 24. Kf1 Bb4 25. Rd1 Bc5 26. Bf2 Bd4 27.
Bxd4 Rd8 28. Ke2 Rxd4 29. Rc1 c5 30. Ke3 Kd7 31. g3 Ke6 32. b3 c6 33. f4 exf4+
34. gxf4 g5 35. Rg1 gxf4+ 36. Kxf4 Kf6 37. Rg2 Rd3 38. h4 Rh3 39. e5+ Kf7 40.
Kg4 Re3 41. Kh5 Rxe5+ 42. Kxh6 b5 43. Rf2+ Kg8 44. Rc2 bxc4 45. Rxc4 Rd5 46.
Rg4+ Kf8 47. Kg6 Rd2 48. Ra4 Rd4 49. Kf5 Rxa4 50. bxa4 Kg7 51. Ke4 Kg6 52. Kd3
Kh5 53. Kc4 Kxh4 54. Kxc5 Kg5 55. Kxc6 Kf6 1/2-1/2

[Event "Asuncion"]
[Site "Asuncion"]
[Date "2012.01.13"]
[Round "5"]
[White "Obregon, Carlos Andres"]
[Black "Delgado Ramirez, Neuris"]
[Result "0-1"]
[WhiteElo "2455"]
[BlackElo "2575"]
[PlyCount "34"]
[EventDate "2012.01.09"]
[EventType "tourn"]
[EventRounds "9"]
[EventCountry "PAR"]
[EventCategory "5"]
[SourceTitle "CBM 146 Extra"]
[Source "ChessBase"]
[SourceDate "2012.02.29"]
[SourceVersion "1"]
[SourceVersionDate "2012.02.29"]
[SourceQuality "1"]

1. e4 c5 2. Nf3 d6 3. d4 cxd4 4. Nxd4 Nf6 5. Nc3 a6 6. Bg5 e6 7. f4 h6 8. Bh4
Qb6 9. Qd2 Qxb2 10. Rb1 Qa3 11. e5 dxe5 12. fxe5 Nd5 13. Nxd5 exd5 14. c4 Nc6
15. cxd5 Nxd4 16. Qxd4 Bc5 17. Qd2 Qa4 0-1